Selecciona todos... - Estadísticas

Estadísticas generales
  • Esta prueba ha sido intentada 38 veces
  • La puntuación promedio es 15 de 21
Estadísticas de respuestas
Pregunta Azulejo Select % Correcto
las capitales con más de 3 millones de habitantes. Ciudad de Belice No
88%
las capitales con más de 3 millones de habitantes. Madrid
85%
... los mares que chocan con Europa. Mar Egeo.
85%
las capitales con más de 3 millones de habitantes. Berlín
82%
... los mares que chocan con Europa. Mar de los Sargazos. No
82%
... los países menos extensos que Turkmenistán. No
79%
las capitales con más de 3 millones de habitantes. Cracovia No
79%
... los países menos extensos que Turkmenistán. No
76%
las capitales con más de 3 millones de habitantes. Brasilia
76%
... los mares que chocan con Europa. Mar Céltico.
76%
... los mares que chocan con Europa. Mar de Coral. No
76%
... los países menos extensos que Turkmenistán. No
74%
... los países menos extensos que Turkmenistán.
68%
... los mares que chocan con Europa. Mar Jónico.
68%
las capitales con más de 3 millones de habitantes. Melbourne No
68%
las capitales con más de 3 millones de habitantes. Sucre No
68%
las capitales con más de 3 millones de habitantes. Helsinki No
62%
... los países menos extensos que Turkmenistán.
59%
las capitales con más de 3 millones de habitantes. San Petersburgo No
44%
... los países menos extensos que Turkmenistán. No
41%
... los mares que chocan con Europa. Mar de Mármara.
26%
No se encontraron pruebas coincidentes
Distribución de puntuación
Porcentaje de gente con cada puntuación
Porcentaje por número respondido
Historial de tus puntuaciones
No has intentado esta prueba.